书目信息 |
| 题名: |
中国人民革命战争地图选
|
|
| 作者: | ;中国人民革命军事博物馆 编辑 ;地图出版社 编绘 | |
| 分册: | ||
| 出版信息: | 北京 地图出版社 1981 |
|
| 页数: | 78页 | |
| 开本: | 25cm | |
| 丛书名: | ||
| 单 册: | ||
| 中图分类: | E994.2 | |
| 科图分类: | ||
| 主题词: | 作战地图--中国--1927~1949 , 军事地形学 , 军事地理学 | |
| 电子资源: | ||
| ISBN: | ||
| 000 | 00827nam0 2200265 45 | |
| 001 | 0181002629 | |
| 005 | 20061024112104.53 | |
| 010 | @dCNY3.45 | |
| 091 | @a12014.1085 | |
| 100 | @a19950612d1981 kmey0chiy0121 ea | |
| 101 | 0 | @achi |
| 102 | @aCN@b110000 | |
| 105 | @ab z 000yy | |
| 200 | 10 | @a中国人民革命战争地图选@Azhong guo ren min ge ming zhan zheng di tu xuan@e1927-1949@f中国人民革命军事博物馆编辑@g地图出版社编绘 |
| 210 | @a北京@c地图出版社@d1981 | |
| 215 | @a78页@d25cm | |
| 606 | @a作战地图@y中国@z1927~1949 | |
| 606 | 0 | @a军事地形学 |
| 606 | 0 | @a军事地理学 |
| 690 | @aE994.2@v3 | |
| 711 | 02 | @a中国人民革命军事博物馆@Azhong guo ren min ge ming jun shi bo wu guan@4编辑 |
| 712 | 02 | @a地图出版社@Adi tu chu ban she@4编绘 |
| 801 | 2 | @aCN@bNLC@c20061024 |
| 801 | 0 | @aCN@bTSSF |
| 905 | @a10447@dE994.2@e1 | |
| 中国人民革命战争地图选:1927-1949/中国人民革命军事博物馆编辑/地图出版社编绘.-北京:地图出版社,1981 |
| 78页;25cm |
| ISBN :CNY3.45 |
| ● |
| 相关链接 |
|
|
|
|
正题名:中国人民革命战争地图选
索取号:E994.2/1
 
预约/预借
| 序号 | 登录号 | 条形码 | 馆藏地/架位号 | 状态 | 备注 |
| 1 | 0217537 | 001264679 | 第一样本阅览室/ [索取号:E994.2/1] | 在馆 |